Digital Marketing : (Record no. 17143)
[ view plain ]
| 000 -LEADER | |
|---|---|
| fixed length control field | 00911 am a2200277 a 4500 |
| 001 - CONTROL NUMBER | |
| control field | 016146581 |
| 003 - CONTROL NUMBER IDENTIFIER | |
| control field | Uk |
| 005 - DATE AND TIME OF LATEST TRANSACTION | |
| control field | 20190424134654.0 |
| 008 - FIXED-LENGTH DATA ELEMENTS--GENERAL INFORMATION | |
| fixed length control field | 120803s2012 enkad b 001 0 eng c |
| 020 ## - INTERNATIONAL STANDARD BOOK NUMBER | |
| International Standard Book Number | 0273746103 (pbk.) |
| 020 ## - INTERNATIONAL STANDARD BOOK NUMBER | |
| International Standard Book Number | 9780273746102 (pbk.) |
| 040 ## - CATALOGING SOURCE | |
| Original cataloging agency | EG-ScBUE |
| Language of cataloging | eng |
| Transcribing agency | EG-ScBUE |
| Modifying agency | EG-ScBUE |
| 082 04 - DEWEY DECIMAL CLASSIFICATION NUMBER | |
| Classification number | 658.872 |
| Item number | CHA |
| Edition number | 22 |
| 100 1# - MAIN ENTRY--PERSONAL NAME | |
| Personal name | Chaffey, Dave, |
| Dates associated with a name | 1963- |
| 9 (RLIN) | 31715 |
| 245 10 - TITLE STATEMENT | |
| Title | Digital Marketing : |
| Remainder of title | Strategy, Implementation and Practice / |
| Statement of responsibility, etc | Dave Chaffey, Fiona Ellis-Chadwick. |
| 250 ## - EDITION STATEMENT | |
| Edition statement | 5th ed. |
| 260 ## - PUBLICATION, DISTRIBUTION, ETC. (IMPRINT) | |
| Place of publication, distribution, etc | Harlow : |
| Name of publisher, distributor, etc | Pearson, |
| Date of publication, distribution, etc | 2012. |
| 300 ## - PHYSICAL DESCRIPTION | |
| Extent | xxix, 698 p. : |
| Other physical details | ill., charts ; |
| Dimensions | 27 cm. |
| 500 ## - GENERAL NOTE | |
| General note | Previous ed. published as: Internet marketing, 2006. |
| 504 ## - BIBLIOGRAPHY, ETC. NOTE | |
| Bibliography, etc | Includes bibliographical references and index. |
| 650 #0 - SUBJECT ADDED ENTRY--TOPICAL TERM | |
| Topical term or geographic name as entry element | Internet marketing. |
| 9 (RLIN) | 31716 |
| Source of heading or term | BUEsh |
| 651 ## - SUBJECT ADDED ENTRY--GEOGRAPHIC NAME | |
| Source of heading or term | BUEsh |
| 653 ## - INDEX TERM--UNCONTROLLED | |
| Arrived date list | December2012 |
| 700 1# - ADDED ENTRY--PERSONAL NAME | |
| Personal name | Ellis-Chadwick, Fiona. |
| 9 (RLIN) | 31717 |
| 942 ## - ADDED ENTRY ELEMENTS (KOHA) | |
| Source of classification or shelving scheme | Dewey Decimal Classification |
| Item type | Book - Borrowing |
| Withdrawn status | Item status | Source of classification or shelving scheme | Damaged status | Not for loan | Vendor | Home library | Current library | Shelving location | Date acquired | Source of acquisition | Cost, normal purchase price | Serial Enumeration / chronology | Total Checkouts | Total Renewals | Full call number | Barcode | Date last seen | Date last borrowed | Koha item type |
|---|---|---|---|---|---|---|---|---|---|---|---|---|---|---|---|---|---|---|---|
| Dewey Decimal Classification | Baccah | Central Library | Central Library | First floor | 13/12/2012 | 190.00 | 1 | 4 | 40 | 658.872 CHA | 000027889 | 15/07/2025 | 21/11/2017 | Book - Borrowing | |||||
| Dewey Decimal Classification | Baccah | Central Library | Central Library | First floor | 13/12/2012 | 190.00 | 1 | 5 | 26 | 658.872 CHA | 000027890 | 15/07/2025 | 12/04/2023 | Book - Borrowing | |||||
| Dewey Decimal Classification | Baccah | Central Library | Central Library | First floor | 13/12/2012 | 190.00 | 1 | 3 | 9 | 658.872 CHA | 000027891 | 15/07/2025 | 14/10/2018 | Book - Borrowing |